<?xml version="1.0" encoding="UTF-8"?>
<record
    xmlns:xsi="http://www.w3.org/2001/XMLSchema-instance"
    xsi:schemaLocation="http://www.loc.gov/MARC21/slim http://www.loc.gov/standards/marcxml/schema/MARC21slim.xsd"
    xmlns="http://www.loc.gov/MARC21/slim">

  <leader>02931nam a2200313 a 4500</leader>
  <controlfield tag="005">20240305165353.0</controlfield>
  <controlfield tag="007">cr||||   |||| </controlfield>
  <controlfield tag="008">060323s2004    sp ||||||     000 ||spa|c</controlfield>
  <datafield tag="020" ind1=" " ind2=" ">
    <subfield code="a">9879164970</subfield>
  </datafield>
  <datafield tag="020" ind1=" " ind2=" ">
    <subfield code="a">8473512545 (Edici&#xF3;n para Espa&#xF1;a)</subfield>
  </datafield>
  <datafield tag="035" ind1=" " ind2=" ">
    <subfield code="a">6097</subfield>
  </datafield>
  <datafield tag="040" ind1=" " ind2=" ">
    <subfield code="d">vLex</subfield>
  </datafield>
  <datafield tag="090" ind1=" " ind2=" ">
    <subfield code="c">2945</subfield>
    <subfield code="d">2945</subfield>
  </datafield>
  <datafield tag="100" ind1="1" ind2=" ">
    <subfield code="a">Kliksberg, Bernardo</subfield>
  </datafield>
  <datafield tag="245" ind1="1" ind2="0">
    <subfield code="a">M&#xE1;s &#xE9;tica, m&#xE1;s desarrollo </subfield>
    <subfield code="h">[Recurso electr&#xF3;nico] /</subfield>
    <subfield code="c">Bernardo Kliksberg</subfield>
  </datafield>
  <datafield tag="256" ind1=" " ind2=" ">
    <subfield code="a">Servicio en l&#xED;nea</subfield>
  </datafield>
  <datafield tag="260" ind1=" " ind2=" ">
    <subfield code="a">Buenos Aires :</subfield>
    <subfield code="b">Temas ,</subfield>
    <subfield code="c">2004</subfield>
  </datafield>
  <datafield tag="300" ind1=" " ind2=" ">
    <subfield code="a">1 recurso electr&#xF3;nico</subfield>
  </datafield>
  <datafield tag="500" ind1=" " ind2=" ">
    <subfield code="a">Publicado inicialmente en Argentina, se ofrece la edici&#xF3;n espa&#xF1;ola con un pr&#xF3;logo del director del INAP, Francisco Ramos Fern&#xE1;ndez-Torrecilla, quien sintetiza la tesis central de la obra de Kliksberg a partir de la posibilidad de construir una econom&#xED;a con rostro humanio,facilitando las claves para la existencia de un desarrollo humano basado en los valores sociales. De acuerdo con tales presupuestos, Kliksberg plantea su an&#xE1;lisis en cuatro r&#xFA;bricas. El impacto de la &#xE9;tica sobre el desarrollo, los desaf&#xED;os &#xE9;ticios de Am&#xE9;rica Latina, la &#xE9;tica en acci&#xF3;n concluyendo con las propuestas para una econom&#xED;a orientada por la &#xE9;tica. Aunque con permanentes referencias a los modelos sociales y &#xE9;ticos de diversos pa&#xED;ses, desarrolla estas cuatro premisas en relaci&#xF3;n con las naciones iberoamericanas, a las que atribuye 'sed de &#xE9;tica'. Para el autor, los desaf&#xED;os de la &#xE9;tica en estospa&#xED;ses afectan al campo de la infancia, la desigualdad, la marginalidad rural,los ni&#xF1;os de la calle y la desigualdad de g&#xE9;nero, frente a ello en la tercera parte estudia variados aspectos de la &#xE9;tica en acci&#xF3;n, como el voluntariado, la responsabilidad social empresarial, el papel de la familia,canalizado a trav&#xE9;s de la participaci&#xF3;n como agente dinamizador del desarrollo del capital social, que a la vez es una exigencia &#xE9;tica. En las propuestas para una econom&#xED;a orientada por la &#xE9;tica hace referencia expresa al caso argentino,analizando la situaci&#xF3;n social, el debate sobre la pol&#xED;tica social y su necesidad de renovaci&#xF3;n, trasladando el modelo al resto de Am&#xE9;rica, concluyendo con la necesidad de construir una econom&#xED;a con rostro humano, principio sobre el que gira todo el argumento de su estudio.</subfield>
  </datafield>
  <datafield tag="504" ind1=" " ind2=" ">
    <subfield code="a">Referencias bibliogr&#xE1;ficas</subfield>
  </datafield>
  <datafield tag="506" ind1="1" ind2=" ">
    <subfield code="a">Contenido solo disponible en los productos indicados</subfield>
    <subfield code="d">vLex Global </subfield>
    <subfield code="d">vLex Global (Academic Edition, excluding Law Schools) </subfield>
    <subfield code="d">vLex Global (U.S. Academic Edition, Law Schools) </subfield>
    <subfield code="d">vLex Global (U.S. Academic Edition, excluding Law Schools) </subfield>
    <subfield code="d">vLex Global (Academic Edition, Law Schools) </subfield>
  </datafield>
  <datafield tag="650" ind1="0" ind2="4">
    <subfield code="a">Economia</subfield>
    <subfield code="x">&#xC9;tica</subfield>
  </datafield>
  <datafield tag="650" ind1="0" ind2="4">
    <subfield code="a">Desarrollo moral</subfield>
  </datafield>
  <datafield tag="650" ind1="0" ind2="4">
    <subfield code="a">Desarrollo econ&#xF3;mico</subfield>
    <subfield code="z">Am&#xE9;rica latina</subfield>
  </datafield>
  <datafield tag="650" ind1="0" ind2="4">
    <subfield code="a">&#xC9;tica</subfield>
  </datafield>
  <datafield tag="740" ind1="0" ind2=" ">
    <subfield code="a">vLex Libros (Servicio en l&#xED;nea)</subfield>
  </datafield>
  <datafield tag="856" ind1="4" ind2="0">
    <subfield code="u">https://app.vlex.com/#/sources/mas-etica-mas-desarrollo-6097</subfield>
  </datafield>
  <datafield tag="942" ind1=" " ind2=" ">
    <subfield code="c">RAA</subfield>
  </datafield>
  <datafield tag="952" ind1=" " ind2=" ">
    <subfield code="0">0</subfield>
    <subfield code="1">0</subfield>
    <subfield code="4">0</subfield>
    <subfield code="7">0</subfield>
    <subfield code="8">VLEX</subfield>
    <subfield code="9">319374</subfield>
    <subfield code="a">BD-UIN</subfield>
    <subfield code="b">BD-UIN</subfield>
    <subfield code="d">2024-03-05</subfield>
    <subfield code="l">0</subfield>
    <subfield code="p">6097</subfield>
    <subfield code="r">2024-03-05</subfield>
    <subfield code="w">2024-03-05</subfield>
    <subfield code="y">RAA</subfield>
  </datafield>
  <datafield tag="999" ind1=" " ind2=" ">
    <subfield code="c">161361</subfield>
    <subfield code="d">161361</subfield>
  </datafield>
</record>
